indiana illustrated classics: (Record no. 9331)
[ view plain ]
| 000 -LEADER | |
|---|---|
| fixed length control field | 00850nam a22001937a 4500 |
| 003 - CONTROL NUMBER IDENTIFIER | |
| control field | OSt |
| 005 - DATE AND TIME OF LATEST TRANSACTION | |
| control field | 20260408011215.0 |
| 008 - FIXED-LENGTH DATA ELEMENTS--GENERAL INFORMATION | |
| fixed length control field | 260408b |||||||| |||| 00| 0 eng d |
| 040 ## - CATALOGING SOURCE | |
| Original cataloging agency | DWCL GS lib |
| Transcribing agency | OC |
| 082 ## - DEWEY DECIMAL CLASSIFICATION NUMBER | |
| Classification number | Fic. V53 2008 |
| 100 ## - MAIN ENTRY--PERSONAL NAME | |
| Personal name | Verne, Jules |
| 245 ## - TITLE STATEMENT | |
| Title | indiana illustrated classics: |
| Remainder of title | around the world in 80 days |
| Statement of responsibility, etc. | Jules Verne |
| 260 ## - PUBLICATION, DISTRIBUTION, ETC. | |
| Place of publication, distribution, etc. | India |
| Name of publisher, distributor, etc. | Indiana publishing house 2008 |
| 300 ## - PHYSICAL DESCRIPTION | |
| Extent | 238 |
| Other physical details | illustrations |
| Dimensions | 21 |
| 520 ## - SUMMARY, ETC. | |
| Summary, etc. | follows eccentric English gentleman Phileas Fogg, who wagers £20,000 that he can circumnavigate the globe in 80 days. Accompanied by his valet, Passepartout, Fogg races against time, rescuing an Indian princess, Aouda, while being pursued by the mistaken Detective Fix. |
| 546 ## - LANGUAGE NOTE | |
| Language note | English |
| 700 ## - ADDED ENTRY--PERSONAL NAME | |
| Personal name | Jules Verne |
| 942 ## - ADDED ENTRY ELEMENTS (KOHA) | |
| Source of classification or shelving scheme | Dewey Decimal Classification |
| Koha item type | Fiction |
| Classification part | Fic. V53 2008 |
| Suppress in OPAC | No |
| 952 ## - LOCATION AND ITEM INFORMATION (KOHA) | |
| -- | |
| Withdrawn status | Lost status | Source of classification or shelving scheme | Damaged status | Not for loan | Home library | Current library | Shelving location | Date acquired | Source of acquisition | Total Checkouts | Full call number | Barcode | Date last seen | Price effective from | Koha item type | Uniform Resource Identifier |
|---|---|---|---|---|---|---|---|---|---|---|---|---|---|---|---|---|
| Dewey Decimal Classification | Grade School Library | Grade School Library | Fiction | 04/08/2026 | School Fund, Donation | . Fic. V53 2008 | 20488 | 04/08/2026 | 04/08/2026 | FIC. |